000 00185 a2200097 4500
020 _a0525449035
041 _aspa
100 _aPaulo.Zelinsky
245 _aEl Enano Saltarin
942 _cK
999 _c26088
_d26088